DOĞA GÜNLÜĞÜ (Kayıt no. 1028007)

MARC ayrıntıları
000 -LEADER
sabit uzunluktaki kontrol alanı 00249nam a2200097Ia 4500
001 - KONTROL NUMARASI
kontrol alanı 1028007
005 - EN SON İŞLEMİN TARİH VE ZAMANI
kontrol alanı 20250826231401.0
008 - SABİT-UZUNLUKTA VERİ ÖĞELERİ--GENEL BİLGİ
sabit uzunluktaki kontrol alanı 250824s9999 xx 000 0 und d
245 #0 - ESER / YAZAR
ESER ADI DOĞA GÜNLÜĞÜ
Yazar Adı FATİH DİKMEN
260 ## - YAYIN, DAĞITIM, VB.
YAYIN EVİ TAZE KİTAP YAYINLARI
Mevcut
Düşüm durumu Kayıp durumu Hasar Durumu Ödünç verilmez Ana kütüphane Geçerli Kütüphane Edinilen tarih Toplam ödünç verme sayısı Barkod Son görüntüleme tarihi Son ödünç verme tarihi Fiyatın geçerli olmaya başladığı tarih Koha materyal türü
        SEYİT ULUGÜLYAĞCI İMAM HATİP ORTAOKULU-2 SEYİT ULUGÜLYAĞCI İMAM HATİP ORTAOKULU-2 24.08.2025 1 10793563 07.04.2026 26.03.2026 26.08.2025 Kitaplar
Gemini Bilgi Teknolojileri A.Ş. tarafından düzenlenmiştir.